Towards A Filipino Ideology (Record no. 8625)

MARC details
000 -LEADER
fixed length control field 00618nam a22002177i 4500
003 - CONTROL NUMBER IDENTIFIER
control field URS
005 - DATE AND TIME OF LATEST TRANSACTION
control field 20220114153435.0
008 - FIXED-LENGTH DATA ELEMENTS--GENERAL INFORMATION
fixed length control field 180108b xxu||||| |||| 00| 0 eng d
040 ## - CATALOGING SOURCE
Description conventions rda
Transcribing agency URSP-College Library
Language of cataloging eng
050 ## - LIBRARY OF CONGRESS CALL NUMBER
Item number M33 1979
Classification number JQ1417.A2
082 ## - DEWEY DECIMAL CLASSIFICATION NUMBER
Classification number 320.4599
Item number M33 1979
100 1# - MAIN ENTRY--PERSONAL NAME
Personal name Marcos, Ferdinand E.
245 ## - TITLE STATEMENT
Title Towards A Filipino Ideology
Statement of responsibility, etc. Ferdinand E. Marcos
300 ## - PHYSICAL DESCRIPTION
Extent 55 pages;
Dimensions 23cm.
336 ## - CONTENT TYPE
Content type term text
Content type code txt
Source rdacontent
337 ## - MEDIA TYPE
Media type term unmediated
Media type code n
Source rdamedia
338 ## - CARRIER TYPE
Carrier type term volume
Carrier type code nc
Source rdacarrier
500 ## - GENERAL NOTE
General note Includes appendices.
650 #0 - SUBJECT ADDED ENTRY--TOPICAL TERM
Topical term or geographic name entry element Civics,
Geographic subdivision Philippines
942 ## - ADDED ENTRY ELEMENTS (KOHA)
Source of classification or shelving scheme Dewey Decimal Classification
Koha item type Filipiniana
Holdings
Withdrawn status Source of classification or shelving scheme Damaged status Not for loan Collection code Home library Current library Shelving location Date acquired Total Checkouts Full call number Barcode Date last seen Copy number Price effective from Koha item type
  Library of Congress Classification     Non-fiction Pililla College Library Pililla College Library General Stacks 01/08/2018   320.4599 M33 1979 URSPIL-1642 05/31/2019 1 01/08/2018 Filipiniana

University of Rizal System
Email us at univlibservices@urs.edu.ph

Visit our Website www.urs.edu.ph/library